<?xml version="1.0" encoding="UTF-8"?>
<record
    xmlns:xsi="http://www.w3.org/2001/XMLSchema-instance"
    xsi:schemaLocation="http://www.loc.gov/MARC21/slim http://www.loc.gov/standards/marcxml/schema/MARC21slim.xsd"
    xmlns="http://www.loc.gov/MARC21/slim">

  <leader>01217nam a2200253Ia 4500</leader>
  <controlfield tag="003">Ost</controlfield>
  <controlfield tag="005">20260507075651.0</controlfield>
  <controlfield tag="008">260507s9999||||xx |||||||||||||| ||und||</controlfield>
  <datafield tag="020" ind1=" " ind2=" ">
    <subfield code="a">2132603977</subfield>
  </datafield>
  <datafield tag="040" ind1=" " ind2=" ">
    <subfield code="c">fsecg</subfield>
  </datafield>
  <datafield tag="041" ind1=" " ind2=" ">
    <subfield code="a">ara</subfield>
  </datafield>
  <datafield tag="082" ind1=" " ind2=" ">
    <subfield code="a">343.069</subfield>
  </datafield>
  <datafield tag="100" ind1=" " ind2=" ">
    <subfield code="a">&#x627;&#x644;&#x645;&#x646;&#x634;&#x627;&#x648;&#x64A;&#x60C; &#x639;&#x628;&#x62F; &#x627;&#x644;&#x62D;&#x645;&#x64A;&#x62F;</subfield>
    <subfield code="e">&#x645;&#x624;&#x644;&#x641;</subfield>
  </datafield>
  <datafield tag="245" ind1=" " ind2="0">
    <subfield code="a">&#x642;&#x627;&#x646;&#x648;&#x646; &#x627;&#x644;&#x62A;&#x62C;&#x627;&#x631;&#x629; &#x627;&#x644;&#x628;&#x62D;&#x631;&#x64A;&#x629; &#x641;&#x64A; &#x636;&#x648;&#x621; &#x627;&#x644;&#x641;&#x642;&#x647; &#x648;&#x627;&#x644;&#x642;&#x636;&#x627;&#x621; /</subfield>
    <subfield code="c"> &#x639;&#x628;&#x62F; &#x627;&#x644;&#x62D;&#x645;&#x64A;&#x62F; &#x627;&#x644;&#x645;&#x646;&#x634;&#x627;&#x648;&#x64A;</subfield>
  </datafield>
  <datafield tag="260" ind1=" " ind2=" ">
    <subfield code="a">&#x627;&#x644;&#x625;&#x633;&#x643;&#x646;&#x62F;&#x631;&#x64A;&#x629;: </subfield>
    <subfield code="b">&#x645;&#x646;&#x634;&#x623;&#x629; &#x627;&#x644;&#x645;&#x639;&#x627;&#x631;&#x641;, </subfield>
    <subfield code="c">2005</subfield>
  </datafield>
  <datafield tag="300" ind1=" " ind2=" ">
    <subfield code="a">452  &#x635;&#x641;&#x62D;&#x629;&#x61B; </subfield>
    <subfield code="b">&#x625;&#x64A;&#x636;&#x627;&#x62D;&#x627;&#x62A; &#x61B;</subfield>
    <subfield code="c">24 &#x633;&#x645;</subfield>
  </datafield>
  <datafield tag="504" ind1=" " ind2=" ">
    <subfield code="a">&#x627;&#x644;&#x645;&#x631;&#x627;&#x62C;&#x639;  452 &#x635;.</subfield>
  </datafield>
  <datafield tag="520" ind1=" " ind2=" ">
    <subfield code="a">&#x642;&#x627;&#x646;&#x648;&#x646; &#x627;&#x644;&#x62A;&#x62C;&#x627;&#x631;&#x629; &#x627;&#x644;&#x628;&#x62D;&#x631;&#x64A;&#x629;- &#x627;&#x644;&#x627;&#x62D;&#x643;&#x627;&#x645; &#x627;&#x644;&#x639;&#x627;&#x645;&#x629;- &#x627;&#x644;&#x62D;&#x642;&#x648;&#x642; &#x627;&#x644;&#x639;&#x64A;&#x646;&#x64A;&#x629; &#x639;&#x644;&#x649; &#x627;&#x644;&#x633;&#x641;&#x64A;&#x646;&#x629;- &#x627;&#x644;&#x62D;&#x62C;&#x632; &#x639;&#x644;&#x649; &#x627;&#x644;&#x633;&#x641;&#x64A;&#x646;&#x629;- &#x641;&#x64A; &#x623;&#x634;&#x62E;&#x627;&#x635; &#x627;&#x644;&#x645;&#x644;&#x627;&#x62D;&#x629; &#x627;&#x644;&#x628;&#x62D;&#x631;&#x64A;&#x629;- &#x627;&#x644;&#x648;&#x643;&#x644;&#x627;&#x621; &#x627;&#x644;&#x628;&#x62D;&#x631;&#x64A;&#x648;&#x646; &#x648;&#x627;&#x644;&#x645;&#x642;&#x627;&#x648;&#x644;&#x648;&#x646; &#x627;&#x644;&#x628;&#x62D;&#x631;&#x64A;&#x648;&#x646;-  &#x639;&#x642;&#x62F; &#x627;&#x644;&#x646;&#x642;&#x644; &#x627;&#x644;&#x628;&#x62D;&#x631;&#x64A;- &#x623;&#x62D;&#x643;&#x627;&#x645; &#x62E;&#x627;&#x635;&#x629; &#x628;&#x628;&#x639;&#x636; &#x623;&#x646;&#x648;&#x627;&#x639; &#x627;&#x644;&#x62A;&#x623;&#x645;&#x64A;&#x646; &#x627;&#x644;&#x628;&#x62D;&#x631;&#x64A;.</subfield>
  </datafield>
  <datafield tag="653" ind1=" " ind2=" ">
    <subfield code="a">&#x627;&#x644;&#x62A;&#x62C;&#x627;&#x631;&#x629; &#x627;&#x644;&#x628;&#x62D;&#x631;&#x64A;&#x629;</subfield>
  </datafield>
  <datafield tag="653" ind1=" " ind2=" ">
    <subfield code="a">&#x627;&#x644;&#x642;&#x627;&#x646;&#x648;&#x646; &#x627;&#x644;&#x628;&#x62D;&#x631;&#x64A;</subfield>
  </datafield>
  <datafield tag="653" ind1=" " ind2=" ">
    <subfield code="a">&#x627;&#x644;&#x642;&#x627;&#x646;&#x648;&#x646; &#x627;&#x644;&#x62C;&#x646;&#x627;&#x626;&#x64A;</subfield>
  </datafield>
  <datafield tag="653" ind1=" " ind2=" ">
    <subfield code="a">&#x642;&#x627;&#x646;&#x648;&#x646; &#x627;&#x644;&#x62A;&#x62C;&#x627;&#x631;&#x629;</subfield>
  </datafield>
  <datafield tag="942" ind1=" " ind2=" ">
    <subfield code="c">&#x643;&#x62A;&#x627;&#x628;</subfield>
  </datafield>
  <datafield tag="999" ind1=" " ind2=" ">
    <subfield code="c">45591</subfield>
    <subfield code="d">45591</subfield>
  </datafield>
</record>
